Autorské práva na trhu produktov bakalárska práca

Guardado en:
Detalles Bibliográficos
Autor principal: Gežo, Linda
Autor Corporativo: Obchodná fakulta EU. Katedra tovaroznalectva a kvality tovaru
Otros Autores: Košútová, Tatiana, 1962-
Formato: Libro
Lenguaje:eslovaco
Publicado: Bratislava 2015
Etiquetas: Agregar Etiqueta
Sin Etiquetas, Sea el primero en etiquetar este registro!

MARC

LEADER 00000nbm a2200000 4500
001 0206518
005 20161212110121.0
041 0 |a slo 
044 |a SK 
245 1 0 |a Autorské práva na trhu produktov  |b bakalárska práca  |c Linda Gežo ; školiteľ: Tatiana Košútová 
264 1 |a Bratislava  |c 2015 
300 |a 51 s. 
100 1 |a Gežo, Linda 
700 1 |a Košútová, Tatiana, 1962- 
710 2 |a Obchodná fakulta EU. Katedra tovaroznalectva a kvality tovaru